Lieux de la saga Assassin's creed - Statistiques

Statistiques générales
  • Ce quiz a été pris 776 fois
  • Le résultat moyen est 15 sur 29
Statistiques - réponses
Jeu Indice Réponse % Correct
Ville principale du jeu, abritant un grand musée Paris
88%
Assassin's Creed Syndicate Ville célèbre pour son serial killer Londres
86%
Assassin's Creed Brotherhood Ville remplie de vestiges antiques Rome
86%
Assassin's Creed II Ville natale d'Ezio Florence
82%
Ville célèbre pour ses canaux Venise
82%
Assassin's Creed Odyssey Berceau de la démocratie Athènes
81%
Assassin's Creed IV Black Flag Ville et capitale cubaine La Havane
73%
Assassin's Creed Unity Ville au très beau château Versailles
73%
Assassin's Creed Origins Ville de Cléopâtre Alexandrie
70%
Cité de Leonidas et ses 300 Sparte
70%
Ville de pélerinage Jerusalem
69%
Assassin's Creed Revelations Ville située entre l'Occident et l'Orient Constantinople
62%
Ville célèbre pour sa ''partie de thé'' Boston
57%
Assassin's Creed III Ville partiellement brûlée New York
57%
Assassin's Creed Rogue Ville citée précédemment New York
57%
Ville jamaïcaine Kingston
51%
Ville de jeux et demeur des dieux Olympie
45%
Repaire des pirates Nassau
43%
Cité célèbre pour sa pithie Delphes
39%
Assassin's Creed I Forteresse des assassins Masyaf
38%
Ville tenue par les Musulmans Damas
36%
Petite ville fortifiée, lieu de refuge d'Ezio Monteriggioni
36%
Ville égyptienne, située près des pyramides Memphis
35%
Ville tenue par les Croisés Acre
28%
Ville marécageuse située en bord de mer Forli
22%
Ville portant l'isthme sur lequel elle est située Corinthe
20%
Ville souterraine (nom de la région) Cappadoce
16%
Ville aux nombreuses tours San Gimignano
14%
Cité occupée par les Romains Cyrène
12%
Aucun quiz correspondant
Distribution des résultats
% des personnes avec chaque résultat
Percentile par nombre de réponses
Votre historique - résultats
Vous n’avez pas pris ce quiz